Waluty państw świata - Statystyki

Ogólne statystyki
  • Ten quiz został rozwiązany 25 razy
  • Średni wynik to 6 z 20
Statystyki odpowiedzi
Państwo Waluta % Poprawnych
Islandia Korona islandzka
76%
Czarnogóra Euro
72%
Liechtenstein Frank szwajcarski
52%
Singapur Dolar singapurski
48%
Wenezuela Boliwar
44%
Mołdawia Lej mołdawski
40%
Filipiny Peso
40%
Afganistan Afgani
32%
Egipt Funt egipski
28%
Bośnia i Hercegowina Marka zamienna
28%
Sri Lanka Rupia lankijska
28%
Macedonia Północna Denar
24%
Gruzja Lari
24%
Armenia Dram
16%
Kenia Szyling kenijski
16%
Kazachstan Tenge
16%
Liban Funt libański
8%
Tadżykistan Somoni
8%
Erytrea Nakfa
0%
Mauretania Ugija
0%
Nie znaleziono quizów pasujących do podanych kryteriów
Rozkład punktacji
Procent ludzi z każdym wynikiem
Percentyl według liczby udzielonych odpowiedzi
Twoja historia wyników
Nie rozwiązałeś tego quizu